Thinking, fast and slow

Đã lưu trong:
Chi tiết về thư mục
Tác giả chính: Kahneman, Daniel
Định dạng: Sách
Được phát hành: Allen Lane
Các nhãn: Thêm thẻ
Không có thẻ, Là người đầu tiên thẻ bản ghi này!

MARC

LEADER 00000nam a2200000Ia 4500
005 20260515061615.0
100 |a Kahneman, Daniel, 
020 |a 9783443951207 
942 |c BK 
245 |a Thinking, fast and slow  
260 |b Allen Lane 
999 |c 33  |d 33 
952 |0 0  |1 0  |4 0  |7 0  |a ABDN  |b ABDN  |d 2026-05-15  |l 0  |p 000087  |r 2026-05-15 06:16:15  |w 2026-05-15  |y BK